Biblioteca

Science and religion (Registro nro. 64110)

Detalles MARC
000 -LÍDER
Campo fijo de descripción fija 03879cam a2200457 a 4500
001 - NÚMERO DE CONTROL
Campo de control 15978055
003 - IDENTIFICADOR DEL NÚMERO DE CONTROL
Campo de control CO-MdFUSB
005 - FECHA Y HORA DE LA ULTIMA TRANSACCIÓN
control field 20180622072750.0
008 - ELEMENTOS DE LONGITUD FIJA -- INFORMACIÓN GENERAL
Campo fijo de descripción fija -- Información general 091109s20102011enk b 001 0 eng
010 ## - NÚMERO DE CONTROL DE LA BIBLIOTECA DEL CONGRESO
Número de control LC 2009047386
020 ## - NÚMERO INTERNACIONAL NORMALIZADO PARA LIBROS
Número Internacional Normalizado del libro 9780521760270 (Hardback)
020 ## - NÚMERO INTERNACIONAL NORMALIZADO PARA LIBROS
Número Internacional Normalizado del libro 9781107404113 (Paperback)
040 ## - FUENTE DE CATALOGACIÓN
Agencia de catalogación original DLC
Agencia que realiza la transcripción CO-MdFUSB
Agencia que realiza la modificación CO-MdFUSB
Idioma de catalogación spa
Convenciones de la descripción rda
041 ## - CÓDIGO DE IDIOMA
Código de idioma para texto/pista de sonido o título separado eng
082 00 - NÚMERO DE CLASIFICACIÓN DECIMAL DEWEY
Número de la edición del Dewey 24
Número de clasificación G 215
Clave de autor-Numero de item S416s
242 ## - TRADUCCIÓN DEL TÍTULO POR AGENCIA CATALOGADORA
Título Ciencia y religión
Parte restante del título - Subtítulo : nuevas perspectivas históricas
245 10 - TÍTULO
Título del Material Science and religion
Parte restante del título - Subtitulo : new historical perspectives
Mención de responsabilidad, etc. / editado por Thomas Dixon, Geoffrey Cantor, y Stephen Pumfrey.
264 #1 - PRODUCCIÓN, PUBLICACIÓN, DISTRIBUCIÓN, MANUFACTURA, Y COPYRIGHT
Lugar de producción, publicación, distribución, manufactura Cambridge, Inglaterra :
Nombre del productor, publicador, distribuidor Cambridge University Press,
Fecha de producción, publicación, distribución, manufactura, o copyright ℗[2010]
264 #4 - PRODUCCIÓN, PUBLICACIÓN, DISTRIBUCIÓN, MANUFACTURA, Y COPYRIGHT
Fecha de producción, publicación, distribución, manufactura, o copyright ©2010
300 ## - DESCRIPCIÓN FÍSICA
Extensión xiv, 317 páginas ;
Dimensiones 24 cm.
Otros detalles físicos :
336 ## - TIPO DE CONTENIDO
Fuente rdacontent
Término de tipo de contenido texto
Código de tipo de contenido txt
337 ## - TIPO DE MEDIO
Fuente rdamedia
Nombre del tipo de medio sin mediación
Código del tipo de medio n
338 ## - TIPO DE SOPORTE
Fuente rdacarrier
Nombre del tipo de soporte volumen
Código Tipo de soporte nc
501 ## - NOTA DE “CON”
Nota de Contenido Incluye índice (p. 311- 317)
504 ## - NOTA DE BIBLIOGRAFÍA, ETC.
Nota de bibliografía, etc Bibliografía (p. 299- 310)
505 0# - NOTA DE CONTENIDO
Nota de contenido con formato preestablecido Introducción / Thomas Dixon -- Pt. I. Categorías. 'Ciencia' y 'religión': construir los límites / Peter Harrison -- La ciencia y la religión en la perspectiva postmoderna: el caso de Bruno Latour / Jan Golinski -- Pt. II. Narrativas. La religión y la historiografía cambiante de la revolución científica / Margaret J. Osler -- El conflicto victoriano tardío de la ciencia y la religión como un evento en la historia intelectual y cultural del siglo XIX / Frank M. Turner -- Islam, cristianismo y la tesis del conflicto / B. Harun Küçük -- Pt. III. Evolución y creacionismo. Evolución y creacionismo en el mundo islámico / Salman Hameed -- Comprendiendo el creacionismo y la evolución en América y Europa / Bronislaw Szerszynski -- Pt. IV. La política de publicar. Una historia global de la ciencia y la religión / Sujit Sivasundaram -- El juicio de Scopes más allá de la ciencia y la religión / Adam R. Shapiro -- Ciencia, religión y la historia del libro / Jonathan R. Topham -- Pt. V. Formas de avanzar. Ciencias y religiones: qué significa tomar en serio las perspectivas históricas / Noah Efron -- Complejidad simplificadora: patrones en la historia de la ciencia y la religión / Ronald L. Numbers -- ¿Qué haremos con la "tesis del conflicto"? / Geoffrey Cantor.
520 ## - NOTA DE RESUMEN, ETC.
Nota de sumario, etc. "The idea of an inevitable conflict between science and religion was decisively challenged by John Hedley Brooke in his classic Science and Religion: Some Historical Perspectives (Cambridge, 1991). Almost two decades on, Science and Religion: New Historical Perspectives revisits this argument and asks how historians can now impose order on the complex and contingent histories of religious engagements with science. Bringing together leading scholars, this new volume explores the history and changing meanings of the categories 'science' and 'religion'; the role of publishing and education in forging and spreading ideas; the connection between knowledge, power and intellectual imperialism; and the reasons for the confrontation between evolution and creationism among American Christians and in the Islamic world. A major contribution to the historiography of science and religion, this book makes the most recent scholarship on this much misunderstood debate widely accessible"--Provided by publisher.
650 #7 - ASIENTO SECUNDARIO DE MATERIA - TERMINO TEMÁTICO
Término temático o nombre geográfico como elemento de entrada Religión y ciencia
9 (RLIN) 259
650 #7 - ASIENTO SECUNDARIO DE MATERIA - TERMINO TEMÁTICO
Término temático o nombre geográfico como elemento de entrada Religión y ciencia
Subdivisión general Historia
9 (RLIN) 387
700 1# - ASIENTO SECUNDARIO - NOMBRE PERSONAL
Nombre personal Dixon, Thomas
Fuller form of name (Thomas M.)
Responsabilidad editor
700 1# - ASIENTO SECUNDARIO - NOMBRE PERSONAL
Nombre personal Cantor, G. N.,
Responsabilidad editor
700 1# - ASIENTO SECUNDARIO - NOMBRE PERSONAL
Nombre personal Pumfrey, Stephen.
Responsabilidad editor
906 ## - LOCAL DATA ELEMENT F, LDF (RLIN)
a 7
b cbc
c orignew
d 1
e ecip
f 20
g y-gencatlg
942 ## - TIPO DE MATERIAL (KOHA)
Tipo de Item KOHA Libros General
Existencias
Estado de Material Estado de Perdido Forma de Clasificación Estado de Dañado No para Préstamo Colección Biblioteca de Origen Biblioteca Permanente Fecha de Adquisición Total de Préstamos Signatura Topográfica Código de Barras Última vez visto Ejemplar/Existencia Fecha de Remplazo Tipo de Material
    Dewey Decimal Classification     Colección General Biblioteca FUSBC Biblioteca FUSBC 27/10/2017   G 201.65 S416s 4078 12/12/2019 Ej. 1 27/10/2017 Libros General

Biblioteca FUSBC | Teléfono: (57+4) 349 88 10 Ext. 141| WhatsApp (+57) 3005338115 
E-mail: biblioteca@unisbc.edu.co | Calle 76 87-14 Robledo Palenque, Medellín, Colombia

Con tecnología Koha